000 00576nam a2200229Ia 4500
003 OSt
005 20220926035242.0
006 a|||||r|||| 00| 0
007 ta
008 220923b |||||||| |||| 00| 0 eng d
037 _cGeneral Book
040 _aRTL
_cRTL
_beng
041 _2eng
_aeng
082 _aX:9581.73.N5, J6
110 _aN I C B
_9341601
245 0 _aPension plans and their acministration
260 _c1956
650 _aPension
700 _aN I C B
_9341602
942 _hX:9581.73.N5, J6
_cGB
_2CC
999 _c661669
_d661669